000 00374nam a2200157Ia 4500
008 230917s9999||||xx |||||||||||||| ||und||
040 _e95539
_aMAIN
041 _aEnglish
082 _a910.02 G723N
100 _aGoudie, Andrew
245 0 _aNature of the environment
250 _a4rd ed.
260 _aOxford
_bBlackwell
_c2000
300 _axv, 544 p.
942 _cBK
999 _c114226
_d114226